MARC details
| 000 -LEADER |
| campo de control de longitud fija |
01859cam a2200445Ia 4500 |
| 001 - NÚMERO DE CONTROL |
| campo de control |
50956 |
| 005 - FECHA Y HORA DE LA ÚLTIMA TRANSACCIÓN |
| campo de control |
20230411090005.0 |
| 008 - DATOS DE LONGITUD FIJA--INFORMACIÓN GENERAL |
| campo de control de longitud fija |
031217s2003 mx b 000 0 spa d |
| 035 ## - NÚMERO DE CONTROL DEL SISTEMA |
| Número de control de sistema |
(OCoLC)ocm53924541 |
| 040 ## - FUENTE DE CATALOGACIÓN |
| Centro catalogador/agencia de origen |
EL$ |
| Centro/agencia transcriptor |
EL$ |
| Centro/agencia modificador |
SAP |
| -- |
OCLCQ |
| -- |
PL# |
| -- |
UMC |
| -- |
BAKER |
| -- |
UGX |
| -- |
BTCTA |
| -- |
YDXCP |
| 020 ## - NÚMERO INTERNACIONAL ESTÁNDAR DEL LIBRO |
| Número Internacional Estándar del Libro |
9688535362 |
| 020 ## - NÚMERO INTERNACIONAL ESTÁNDAR DEL LIBRO |
| Número Internacional Estándar del Libro |
9789688535363 |
| 035 ## - NÚMERO DE CONTROL DEL SISTEMA |
| Número de control de sistema |
(OCoLC)53924541 |
| 043 ## - CÓDIGO DE ÁREA GEOGRÁFICA |
| Código de área geográfica |
n-us--- |
| 082 ## - NÚMERO DE LA CLASIFICACIÓN DECIMAL DEWEY |
| Número de clasificación |
301.243 |
| Número de ítem |
Y436g |
| 090 ## - LOCALMENTE ASIGNADO TIPO-LC NÚMERO DE CLASIFICACIÓN (OCLC); NÚMERO DE CLASIFICACIÓN LOCAL (RLIN) |
| Número de clasificación (OCLC) (R) ; Numero de clasificación, CALL (RLIN) (NR) |
P95.82.U6 |
| Número cutter local (OCLC) ; Número de libro/Signatura topográfica íntegra, CALL (RLIN) |
Y37 2003 |
| 049 ## - FONDOS LOCALES (OCLC) |
| Biblioteca depositaria |
GRAL |
| 100 1# - ENTRADA PRINCIPAL--NOMBRE DE PERSONA |
| Nombre de persona |
Yehya, Naief, |
| Fechas asociadas al nombre |
1963- |
| 245 10 - MENCIÓN DEL TÍTULO |
| Título |
Guerra y propaganda : |
| Resto del título |
medios masivos y el mito bélico en Estados Unidos / |
| Mención de responsabilidad, etc. |
Naief Yehya. |
| 250 ## - MENCION DE EDICION |
| Mención de edición |
1. ed. |
| 260 ## - PUBLICACIÓN, DISTRIBUCIÓN, ETC. |
| Lugar de publicación, distribución, etc. |
México : |
| Nombre del editor, distribuidor, etc. |
Paidós, |
| Fecha de publicación, distribución, etc. |
c2003. |
| 300 ## - DESCRIPCIÓN FÍSICA |
| Extensión |
220 p. ; |
| Dimensiones |
23 cm. |
| 440 #0 - MENCIÓN DE SERIE/PUNTO DE ACCESO ADICIONAL--TÍTULO |
| Título |
Paidâos Croma ; |
| Designación de volumen o secuencia |
15 |
| 504 ## - NOTA DE BIBLIOGRAFÍA, ETC. |
| Nota de bibliografía, etc. |
Includes bibliographical references (p. [215]-220). |
| 505 2# - NOTA DE CONTENIDO CON FORMATO |
| Nota de contenido con formato |
Guerra -- Propaganda -- Entretenimiento, información y el espectâaculo de la guerra -- La era de la propaganda corporativa -- La Guerra del Golfo -- La preparación de una guerra eterna -- Propaganda e inteligencia -- TV guerra -- Propaganda en el fin de siglo hollywoodense -- Algunos mitos de la segunda Guerra del Golfo. |
| 650 #0 - PUNTO DE ACCESO ADICIONAL DE MATERIA--TÉRMINO DE MATERIA |
| Término de materia o nombre geográfico como elemento de entrada |
War. |
| 650 #0 - PUNTO DE ACCESO ADICIONAL DE MATERIA--TÉRMINO DE MATERIA |
| Término de materia o nombre geográfico como elemento de entrada |
Mass media |
| Subdivisión general |
Political aspects |
| Subdivisión geográfica |
United States. |
| 650 #4 - PUNTO DE ACCESO ADICIONAL DE MATERIA--TÉRMINO DE MATERIA |
| Término de materia o nombre geográfico como elemento de entrada |
Medios de comunicaciâon de masas |
| Subdivisión general |
Aspectos polâiticos |
| Subdivisión geográfica |
Estados Unidos. |
| 650 #4 - PUNTO DE ACCESO ADICIONAL DE MATERIA--TÉRMINO DE MATERIA |
| Término de materia o nombre geográfico como elemento de entrada |
Ataques Terroristas del 11 de septiembre, 2001. |
| 650 #7 - PUNTO DE ACCESO ADICIONAL DE MATERIA--TÉRMINO DE MATERIA |
| Término de materia o nombre geográfico como elemento de entrada |
Medios publicitarios |
| Subdivisión general |
Aspectos polâiticos |
| Subdivisión geográfica |
Estados Unidos. |
| Fuente del encabezamiento o término |
bidex |
| 650 #7 - PUNTO DE ACCESO ADICIONAL DE MATERIA--TÉRMINO DE MATERIA |
| Término de materia o nombre geográfico como elemento de entrada |
Guerra. |
| Fuente del encabezamiento o término |
bidex |
| 650 #7 - PUNTO DE ACCESO ADICIONAL DE MATERIA--TÉRMINO DE MATERIA |
| Término de materia o nombre geográfico como elemento de entrada |
Terrorismo. |
| Fuente del encabezamiento o término |
bidex |
| 938 ## - |
| -- |
Puvill Libros |
| -- |
PUVL |
| -- |
9688535362 |
| -- |
$22.56 |
| 938 ## - |
| -- |
Baker and Taylor |
| -- |
BTCP |
| -- |
BK0006608235 |
| 938 ## - |
| -- |
YBP Library Services |
| -- |
YANK |
| -- |
2693328 |
| 938 ## - |
| -- |
Baker & Taylor |
| -- |
BKTY |
| -- |
27.95 |
| -- |
27.95 |
| -- |
9688535362 |
| -- |
0006608235 |
| -- |
active |
| 942 ## - ELEMENTOS DE ENTRADA SECUNDARIOS (KOHA) |
| Fuente del sistema de clasificación o colocación |
Clasificación de Library of Congress |
| Tipo de ítem Koha |
|
| 946 ## - PROCESAMIENTO DE INFORMACIÓN LOCAL (OCLC) |
| a |
clperez |
| 994 ## - |
| -- |
C0 |
| -- |
DRFGD |